[Event "Phu Quoc zt 3.3"]
[Site "Phu Quoc"]
[Date "2007.01.11"]
[Round "2"]
[White "Khandar, Khaushal"]
[Black "Nguyen, Van Huy"]
[Result "1/2-1/2"]
[WhiteElo "1924"]
[BlackElo "2345"]
[PlyCount "159"]
[EventDate "2007.01.11"]
[EventType "swiss"]
[EventRounds "9"]
[EventCountry "VIE"]
[SourceTitle "CBM 116 Extra"]
[Source "ChessBase"]
[SourceDate "2007.03.07"]
[SourceVersion "1"]
[SourceVersionDate "2007.03.07"]
[SourceQuality "1"]

1. e4 c5 2. Nf3 e6 3. c4 Nc6 4. Nc3 Nf6 5. d4 cxd4 6. Nxd4 Bb4 7. f3 d5 8. exd5 exd5 9. a3 Qe7+ 10. Be2 Nxd4 11. axb4 Nxe2 12. Qxe2 dxc4 13. Be3 0-0 14. Bc5 Qxe2+ 15. Kxe2 Re8+ 16. Kf2 a6 17. Nb5 Nd5 18. Rhd1 Be6 19. Rxd5 Bxd5 20. Nc7 Rad8 21. Nxe8 Rxe8 22. Rd1 Be6 23. Bb6 f6 24. Rd8 Kf7 25. Rxe8 Kxe8 26. Ke3 Kd7 27. Kd4 Kc6 28. Bc5 Kb5 29. Bf8 g6 30. f4 Bf5 31. g3 Bd3 32. Be7 Bf1 33. Kc3 f5 34. Bf8 Be2 35. Be7 Kc6 36. Kd4 Kd7 37. Bf6 Kc6 38. Be7 Kb5 39. Kc3 a5 40. bxa5 Kxa5 41. Bd8+ Kb5 42. Be7 Kc6 43. Kd4 Kd7 44. Bb4 Ke6 45. Bc3 b6 46. Bb4 Bf1 47. Bc3 Kd6 48. Bb4+ Kc6 49. Be7 Kd7 50. Bb4 Ke6 51. Bc3 Kd6 52. Bb4+ Kd7 53. Ke5 Kc6 54. Kf6 Kb5 55. Bc3 Bh3 56. Kg7 h5 57. Kxg6 Bg4 58. Kg5 Kc5 59. Kh4 Kd5 60. h3 Be2 61. Kg5 Ke4 62. Kf6 Bf1 63. h4 b5 64. Ke6 Bd3 65. Kf6 Kf3 66. Be1 Ke2 67. Bc3 Kf2 68. Kg5 Kxg3 69. Bd2 Be2 70. Be1+ Kf3 71. Kxf5 Bd3+ 72. Kg5 Ke4 73. f5 Ke5 74. Bc3+ Kd6 75. f6 Ke6 76. Kxh5 b4 77. Bd4 Kf7 78. Kg5 c3 79. bxc3 bxc3 80. Bxc3 1/2-1/2